000 01234nam a22002897i 4500
999 _c23614
_d23614
003 AR-CdUCM
008 260421b sp ad||| |||| 00| 0 spa d
020 _a978-84-17547-51-6
040 _aMUNICIPALIDAD PROVINCIAL DEL CUSCO
_cBIBLIOTECA MUNICIPAL DEL CUSCO
041 _hspa
082 _a509
_bN28
100 _aNavarro Yáñez, Alejandro
_952616
245 _aHistoria de la energía /
260 _aCórdoba, España :
_bEditorial Guadalmazán
_c2021
300 _a408 páginas. :
_c17,5x25 cm.
500 _zBibliografía : páginas del 389 - 405
505 _a¿Qué es la energía? -- Las mil caras de la energía -- Y el universo se morirá de calor -- Y dijo dios: <<haya luz>> -- Jugando a los dados con Dios -- Nosotros y la energía -- La llama de la existencia -- Caminando hacia las estrellas -- La energía en combate -- El precio de la energía -- Espíritus, fantasmas y el carburante de los platillos volantes
650 _aEnergía
_915841
650 _aUniverso
_918615
650 _aLuz
_915838
650 _aPoder
_94273
650 _aExistencia
_918269
650 _aPlatillos volantes
_952617
856 _fwww.editorialguadalmazan.com
942 _2ddc
_cLIBROS
945 _aesh
_d21-04-2026